Statistiques concernant Pays les plus visités

Cliquez ici pour prendre le quiz!

Statistiques générales

  • Ce quiz a été pris 322 fois
  • Le résultat moyen est 4 sur 10

Statistiques - réponses

Nombres de touristes (en millions)Pays% Correct
82,6France
100%
82Espagne
81%
75,6États-Unis
71%
59,3Chine
55%
52,4Italie
44%
35,8Royaume-Uni
33%
35,6Allemagne
25%
32,6Thaïlande
11%
28,4Russie
9%
30Turquie
9%

Distribution des résultats

Percentile par nombre de réponses

% des personnes avec chaque résultat

Votre développement - résultats

Vous n’avez pas pris ce quiz